Loading...
Current Events | 1 | 10.00 | 100% | 0% | 0% |
Fine Arts - Classical Music | 3 | 3.33 | 33% | 0% | 0% |
Fine Arts - Other Fine Arts | 4 | 10.00 | 100% | 0% | 0% |
Fine Arts - Painting and Sculpture | 2 | 5.00 | 50% | 0% | 0% |
Geography | 2 | 10.00 | 50% | 50% | 0% |
History - American History | 1 | 0.00 | 0% | 0% | 0% |
History - European History | 1 | 10.00 | 100% | 0% | 0% |
History - World History | 6 | 11.67 | 83% | 33% | 0% |
Literature - Long Fiction | 1 | 0.00 | 0% | 0% | 0% |
Literature - Misc Literature | 3 | 6.67 | 67% | 0% | 0% |
Literature - Poetry | 2 | 0.00 | 0% | 0% | 0% |
Mythology | 5 | 12.00 | 100% | 20% | 0% |
Other Academic | 3 | 3.33 | 33% | 0% | 0% |
Philosophy | 2 | 5.00 | 0% | 50% | 0% |
Religion | 1 | 10.00 | 100% | 0% | 0% |
Science - Biology | 2 | 10.00 | 100% | 0% | 0% |
Science - Chemistry | 2 | 5.00 | 50% | 0% | 0% |
Science - Other Science | 4 | 2.50 | 0% | 25% | 0% |
Science - Physics | 3 | 3.33 | 33% | 0% | 0% |
Social Science | 3 | 3.33 | 33% | 0% | 0% |